Website development using html and css; (Record no. 210443)

MARC details
000 -LEADER
fixed length control field 00751nam a22002177a 4500
005 - DATE AND TIME OF LATEST TRANSACTION
control field 20250324114706.0
010 ## - LCCN (DPL NO)
LC control number ENG-1442732
020 ## - INTERNATIONAL STANDARD BOOK NUMBER
International Standard Book Number 9788178063096
035 ## - SYSTEM CONTROL NUMBER
System control number EN-127764
037 ## - SOURCE OF ACQUISITION
Source of stock number/acquisition DBAD
082 ## - DEWEY DECIMAL CLASSIFICATION NUMBER
Classification number 606.74
Edition number 1
100 ## - MAIN ENTRY--PERSONAL NAME
Personal name Mehra, navneet
245 ## - TITLE STATEMENT
Title Website development using html and css;
Statement of responsibility, etc A practical step-by-step guide to develop e-commererce store/
Remainder of title Naveent mehra [And] Bunny mehra
250 ## - EDITION STATEMENT
Edition statement 1
260 ## - PUBLICATION, DISTRIBUTION, ETC. (IMPRINT)
Place of publication, distribution, etc New delhi
Date of publication, distribution, etc 2012
Name of publisher, distributor, etc Unicorn books
270 ## - ADDRESS
Address F2/16, ansari road, daryaganj
City New delhi
Postal code 110002
Electronic mail address info@unicornbooks.in
Telephone number 011-23275434
-- 23262683
-- 23250704
Fax number 011-23257790
300 ## - PHYSICAL DESCRIPTION
Extent 172p
Dimensions 24(pb)
700 ## - ADDED ENTRY--PERSONAL NAME
Personal name Bunny mehra
9 (RLIN) 79843
760 ## - MAIN SERIES ENTRY
Edition 1
942 ## - ADDED ENTRY ELEMENTS (KOHA)
Source of classification or shelving scheme Dewey Decimal Classification
Item type English Books
Classification part 606.74
Call number suffix MEH
Edition 1
Holdings
Withdrawn status Lost status Not for loan Collection code Home library Current library Date acquired Source of acquisition Cost, normal purchase price Full call number Barcode Copy number Cost, replacement price Koha item type
      Non-fiction Patel Nagar Patel Nagar 24/03/2025 DBAD 225.00 606.74 MEH EN-127764 1 225.00 English Books

© Delhi Public Library
Hit Counter
free hit counter